Agro-Industry Situation in Cambodia: An assessment for the Strategic Development Plan 2011-2015. (Record no. 22138)

000 -LEADER
fixed length control field 00318nam a22001097a 4500
040 ## - CATALOGING SOURCE
Transcribing agency rua
082 ## - DEWEY DECIMAL CLASSIFICATION NUMBER
Classification number FAO APR 2010 C011 Or.
245 ## - TITLE STATEMENT
Title Agro-Industry Situation in Cambodia: An assessment for the Strategic Development Plan 2011-2015.
260 ## - PUBLICATION, DISTRIBUTION, ETC. (IMPRINT)
Place of publication phnom penh
Name of publisher rua
Year of publication 2010
300 ## - PHYSICAL DESCRIPTION
Number of Pages 102p.
Other physical details ill.
Dimensions 2010
942 ## - ADDED ENTRY ELEMENTS (KOHA)
Koha item type ឯកសារស្រាវជ្រាវ
952 ## - LOCATION AND ITEM INFORMATION (KOHA)
Withdrawn status [LOCAL, KOHA] 0
Holdings
Permanent Location Date acquired Koha item type Lost status Shelving location Barcode Current Location Full call number
Library Block C2023-11-07ឯកសារស្រាវជ្រាវ C011a073696Library Block CFAO APR 2010 C011 Or.
មជ្ឈមណ្ឌលឯការនៃសាកលវិទ្យាល័យភូមិន្ទកសិកម្មចំការដូង

Powered by Koha